000 00452nam a2200145 i 4500
001 92902
003 ES-MaACL
005 20230906181101.0
007 t|
008 050330q1919 sp ||||1| spa d
245 0 0 _aLirica mexicana
_b: Antología publicada por la Legación de México con motivo de la Fiesta de la Raza 12 Octubre de 1919.
260 _aMadrid :
_b[Jimenez y Molina,
_c1919?]
300 _a327 p. ;
_c14 cm.
852 _aES-MaACL
_jD-669
999 _c92902
_d92902